The state of the domestic automobile industry : impact of federal assistance : hearing before the Committee on Banking, Housing, and Urban Affairs, United States Senate, One Hundred Eleventh Congress, first session, on examining the role of the federal government's Auto Task Force in the restructuring of America's automobile industry, June 10, 2009.

Bibliographic Details
Corporate Author: United States. Congress. Senate. Committee on Banking, Housing, and Urban Affairs
Format: Government Document eBook
Language:English
Published: Washington : U.S. G.P.O., 2010.
Series:S. hrg. ; 111-227
Subjects:
Online Access:Electronic resource (PDF)

MARC

Tag First Indicator Second Indicator Subfields
LEADER 00000cam a22000001a 4500
001 in00004100640
005 20200117091332.0
006 m d f
007 cr bn mmmapmmp
008 100421s2010 dcu ob f000 0 eng d
035 |a chdc201001073 
040 |a UMI  |c UMI  |d UtOrBLW 
042 |a pcc 
043 |a n-us--- 
074 |a 1035-C 
086 0 |a Y 4.B 22/3:S.HRG.111-227 
110 1 |a United States.  |b Congress.  |b Senate.  |b Committee on Banking, Housing, and Urban Affairs.  |0 http://id.loc.gov/authorities/names/n81033403 
245 1 4 |a The state of the domestic automobile industry :  |b impact of federal assistance : hearing before the Committee on Banking, Housing, and Urban Affairs, United States Senate, One Hundred Eleventh Congress, first session, on examining the role of the federal government's Auto Task Force in the restructuring of America's automobile industry, June 10, 2009. 
264 1 |a Washington :  |b U.S. G.P.O.,  |c 2010. 
264 2 |a Washington :  |b For sale by the Supt. of Docs., U.S. G.P.O. 
300 |a iii, 60 pages, digital, PDF file. 
336 |a text  |b txt  |2 rdacontent 
337 |a computer  |b c  |2 rdamedia 
338 |a online resource  |b cr  |2 rdacarrier 
490 1 |a S. hrg. ;  |v 111-227 
500 |a Shipping list number: 2010-0117-P. 
504 |a Includes bibliographical references. 
500 |a Record is based on bibliographic data in ProQuest Congressional Hearings Digital Collection. Reuse except for individual research requires license from ProQuest, LLC. 
500 |a Electronic resource. 
533 |a Electronic reproduction.  |b [Bethesda, Md.] :  |c ProQuest,  |d 2010.  |e digital, PDF file.  |n ProQuest U.S. Congressional Hearings Digital Collection.  |n Mode of access: World Wide Web via ProQuest website. 
538 |a System requirements: PDF reader software. 
650 0 |a Automobile industry and trade  |z United States  |x Finance. 
650 0 |a Economic assistance, Domestic  |z United States.  |0 http://id.loc.gov/authorities/subjects/sh85040782 
650 0 |a Loans  |z United States  |x Government guaranty.  |0 http://id.loc.gov/authorities/subjects/sh2008107065 
650 0 |a Government lending  |z United States.  |0 http://id.loc.gov/authorities/subjects/sh2008105361 
776 0 8 |i Print version:   |a United States. Congress. Senate. Committee on Banking, Housing, and Urban Affairs.  |t State of the domestic automobile industry  |w 9780160851322  |w 0160851327  |w (OCoLC)539211100  |z 2009526531 
776 0 8 |i Microfiche version:   |a United States. Congress. Senate. Committee on Banking, Housing, and Urban Affairs.  |t state of the domestic automobile industry  |d [Bethesda, Md.] : ProQuest,[2010]  |o CIS 2010 S241-58  |w (ProQuest)cis01002769  
810 1 |a United States.  |b Congress.  |b Senate.  |t S. hrg. ;  |v 111-227.  |0 http://id.loc.gov/authorities/names/n83707917 
856 4 0 |u http://proxy.library.tamu.edu/login?url=http://search.proquest.com/congcomp/getdoc?HEARING-ID=HRG-2009-BHU-0031  |y Electronic resource (PDF)  |t 0 
998 |a cis01002769  
999 f f |s bb687cb9-e2e7-32d9-8575-dff9633f2617  |i 69506246-5db4-3485-a520-22341b6870a7  |t 0 
952 f f |a Texas A&M University  |b College Station  |c Electronic Resources  |d Available Online  |t 0  |e Y 4.B 22/3:S.HRG.111-227  |h Superintendent of Documents classification 
998 f f |a Y 4.B 22/3:S.HRG.111-227  |t 0  |l Available Online